Survey of pesticide use on rice in svayrieng province ការស្ទាបស្ទង់នៃការប្រើប្រាស់ថ្នាំពុលកសិកម្មរបស់កសិករ​លើដំណាំស្រូវ​នៅខេត្តស្វាយរៀង (Record no. 448)

000 -LEADER
fixed length control field 00653nam a22001577a 4500
003 - CONTROL NUMBER IDENTIFIER
control field OSt
005 - DATE AND TIME OF LATEST TRANSACTION
control field 20150914154442.0
008 - FIXED-LENGTH DATA ELEMENTS--GENERAL INFORMATION
fixed length control field 150914b xxu||||| |||| 00| 0 eng d
040 ## - CATALOGING SOURCE
Transcribing agency RUA
082 ## - DEWEY DECIMAL CLASSIFICATION NUMBER
Classification number AGR CHA 1999 B024 Or.1
100 ## - MAIN ENTRY--PERSONAL NAME
9 (RLIN) 469
Personal name CHANG, DYNA.
245 ## - TITLE STATEMENT
Title Survey of pesticide use on rice in svayrieng province ការស្ទាបស្ទង់នៃការប្រើប្រាស់ថ្នាំពុលកសិកម្មរបស់កសិករ​លើដំណាំស្រូវ​នៅខេត្តស្វាយរៀង
260 ## - PUBLICATION, DISTRIBUTION, ETC. (IMPRINT)
Place of publication, distribution, etc. Phnom Penh
Name of publisher, distributor, etc. RUA
Date of publication, distribution, etc. 1999
300 ## - PHYSICAL DESCRIPTION
Extent 63p.
Other physical details ill.
Dimensions 29cm.
942 ## - ADDED ENTRY ELEMENTS (KOHA)
Source of classification or shelving scheme
Koha item type AGR
Holdings
Price effective from Date last seen Permanent Location Not for loan Date acquired Source of classification or shelving scheme Koha item type Lost status Withdrawn status Total Renewals Date last checked out Total Checkouts Shelving location Damaged status Barcode Current Location Full call number
2015-09-142023-10-20Library Block B 2015-09-14 AGR   2023-09-201B024 RUA004006Library Block BAGR CHA 1999 B024 Or.1
2015-09-142016-07-06Library Block B 2015-09-14 AGR   2016-05-282B024 RUA004003Library Block BAGR CHA 1999 B024 Or.2
2015-09-142015-09-14Library Block B 2015-09-14 AGR     B024 RUA003289Library Block BAGR CHA 1999 B024 Or.3
2015-09-142024-11-07Library Block B 2015-09-14 AGR  22024-01-092B024 RUA003293Library Block BAGR CHA 1999 B024 Or.4
2015-09-142024-01-25Library Block B 2015-09-14 AGR   2023-12-252B024 RUA003220Library Block BAGR CHA 1999 B024 Or.5
2016-01-262021-12-06Library Block B 2016-01-26 AGR   2021-11-231  RUA046377Library Block BAGR CHA 1999 B024 Or.6
មជ្ឈមណ្ឌលឯការនៃសាកលវិទ្យាល័យភូមិន្ទកសិកម្មចំការដូង

Powered by Koha